000
00342nam a2200169Ia 4500
100
_a
YOUNG/ROB
650
_a
Philosophy
942
_c
BK
366
_f
25
654
_a
LEADING TEAMS
245
_a
LEADING TEAMS
260
_b
BETTER YOURSELF BOOK
_a
Bandra
082
_a
170/YOU
_b
YOU
300
_a
75
546
_a
ENGLISH
999
_c
30458
_d
30458